000 00288nam a22001337a 4500
020 _a978-1-8442-2405-0
082 _a823
_bHIL/T
100 _aHILL, ERIC
245 _aTIME FOR BED, SPOT
260 _aLINDON
_bLADY BIRD
300 _a29
650 _aENGLISH SHORT STORY
_zUK
942 _cBK
999 _c2638
_d2638